00436nam a2200157Ia 450000500170000000800410001708200130005810000160007124500090008726000250009630000130012165000240013494200060015895200990016499900150026320250318073733.0240331s9999 xx 000 0 und d bKRIa894 aKrishnan, R 0aAval aMadrasbDhagamc1992 a191 p ., aTamil Short Stories cL 001040708LaWERCLbWERCLcSSCd2024-03-31l0o 894.811 KRIp1670r2024-03-31w2024-03-31yL c4036d4036